Abysmal game in the novels of Samuel Beckett / (Record no. 108988)

MARC details
000 -LEADER
campo de control de longitud fija 00780nam a2200205 i 4500
001 - NÚMERO DE CONTROL
campo de control 108988
003 - IDENTIFICADOR DE NÚMERO DE CONTROL
campo de control ES-MaACL
005 - FECHA Y HORA DE LA ÚLTIMA TRANSACCIÓN
campo de control 20240429131349.0
007 - CAMPO FIJO DE DESCRIPCIÓN FÍSICA--INFORMACIÓN GENERAL
campo de control de longitud fija t|
008 - DATOS DE LONGITUD FIJA--INFORMACIÓN GENERAL
campo de control de longitud fija 061121s1982 xxu r ||||1| eng d
100 1# - ENTRADA PRINCIPAL--NOMBRE DE PERSONA
Nombre de persona Moorjani, Angela B.
9 (RLIN) 82839
245 10 - MENCIÓN DEL TÍTULO
Título Abysmal game in the novels of Samuel Beckett /
Mención de responsabilidad, etc. by Angela B. Moorjani.
260 ## - PUBLICACIÓN, DISTRIBUCIÓN, ETC.
Lugar de publicación, distribución, etc. Chapel Hill :
Nombre del editor, distribuidor, etc. U. N. C Departament of Romance Lenguages,
Fecha de publicación, distribución, etc. 1982.
300 ## - DESCRIPCIÓN FÍSICA
Extensión 16 p. ;
Dimensiones 24 cm.
490 1# - MENCIÓN DE SERIE
Mención de serie North Carolina studies in the romance languages and literatures ;
Designación de volumen o secuencia 219
600 17 - PUNTO DE ACCESO ADICIONAL DE MATERIA--NOMBRE DE PERSONA
Nombre de persona Beckett, Samuel,
Fechas asociadas al nombre 1906-1989-
Subdivisión general Crítica e interpretación
Fuente del encabezamiento o término
9 (RLIN) 165980
830 0# - PUNTO DE ACCESO ADICIONAL DE SERIE-TÍTULO UNIFORME
Título uniforme North Carolina studies in the romance languages and literatures ;
Designación de volumen o secuencia 219
9 (RLIN) 182412
852 ## - LOCALIZACIÓN
Ubicación ES-MaACL
Número de control de estantería L-3622
Sublocalización o colección R.104465
Holdings
Estatus retirado Estado de pérdida Estado de daño No para préstamo Biblioteca de origen Biblioteca actual Ubicación en estantería Fecha de adquisición Fuente de adquisición Total de préstamos Signatura topográfica completa Código de barras Visto por última vez Precio de reemplazo Tipo de ítem Koha
        Biblioteca del Ateneo de Madrid Biblioteca del Ateneo de Madrid Depósito 2 17/01/2008     L-3622 1113723 23/02/2023 23/02/2023 Libro impreso